Statistics for Cities by Airport Codes

Click here to take the quiz!

General Stats

  • This quiz has been taken 28 times
  • The average score is 15 of 20

Answer Stats

HintAnswer% Correct
LAXLos Angeles
100%
JFKNew York
96%
HELHelsinki
92%
HKGHong Kong
92%
LHRLondon
92%
VIEVienna
92%
BCNBarcelona
88%
CAICairo
88%
FCORome
88%
SINSingapore
88%
HNDTokyo
79%
DELDelhi
75%
FRAFrankfurt
75%
JNBJohannesburg
71%
YYZToronto
71%
GIGRio de Janeiro
54%
PVGShanghai
46%
KEFReykjavik
42%
ARNStockholm
38%
SCLSantiago
33%

Score Distribution

Percentile by Number Answered

Percent of People with Each Score

Your Score History

You have not taken this quiz